header

Haemorrhage and thrombosis for the MRCOG and beyond (Record no. 222593)

MARC details
000 -LEADER
fixed length control field 01293nam a2200337 a 4500
245 00 - TITLE STATEMENT
Title Haemorrhage and thrombosis for the MRCOG and beyond
260 ## - PUBLICATION, DISTRIBUTION, ETC. (IMPRINT)
Place of publication London :
Name of publisher RCOG Press,
Year of publication 2005.
300 ## - PHYSICAL DESCRIPTION
Number of Pages xi, 132 p. :
Other physical details ill. (some col.).
490 1# - SERIES STATEMENT
Series statement MRCOG and beyond series
650 #0 - SUBJECT ADDED ENTRY--TOPICAL TERM
Topical Term Blood coagulation disorders in pregnancy.
Topical Term Uterine hemorrhage.
Topical Term Thromboembolism.
700 1# - ADDED ENTRY--PERSONAL NAME
Personal name Harper, Ann.
856 40 - ELECTRONIC LOCATION AND ACCESS
Uniform Resource Identifier http://site.ebrary.com/lib/rucke/Doc?id=10511562

No items available.

© 2026 Rongo University
Contact us: librarian | system librarian | Rongo university